General physics / (Record no. 39657)
[ view plain ]
| 000 -LEADER | |
|---|---|
| fixed length control field | 00685nam a22002057a 4500 |
| 005 - DATE AND TIME OF LATEST TRANSACTION | |
| control field | 20100806114413.0 |
| 010 ## - LCCN (DPL NO) | |
| LC control number | ENG-98494 |
| 020 ## - INTERNATIONAL STANDARD BOOK NUMBER | |
| International Standard Book Number | 9788190702928 |
| Terms of availability | 45.00 |
| 035 ## - SYSTEM CONTROL NUMBER | |
| System control number | EN-82027 |
| 037 ## - SOURCE OF ACQUISITION | |
| Source of stock number/acquisition | DBAD/PUB |
| 082 ## - DEWEY DECIMAL CLASSIFICATION NUMBER | |
| Classification number | 530 |
| 100 ## - MAIN ENTRY--PERSONAL NAME | |
| Personal name | KishoreKumar, J. |
| 245 ## - TITLE STATEMENT | |
| Title | General physics / |
| Statement of responsibility, etc | by J. Kishorekumar |
| 250 ## - EDITION STATEMENT | |
| Edition statement | 1st edition |
| 260 ## - PUBLICATION, DISTRIBUTION, ETC. (IMPRINT) | |
| Place of publication, distribution, etc | Coimbatore |
| Name of publisher, distributor, etc | WBC [Wisdom Based Computing] Publishers |
| Date of publication, distribution, etc | 2008 |
| 270 ## - ADDRESS | |
| Address | C5, Staff Quarters Bharathiar University |
| City | Coimbatore |
| Postal code | 604046 |
| 300 ## - PHYSICAL DESCRIPTION | |
| Extent | 144p. |
| Dimensions | 20cm (pbk) |
| 942 ## - ADDED ENTRY ELEMENTS (KOHA) | |
| Source of classification or shelving scheme | Dewey Decimal Classification |
| Item type | English Books |
| Classification part | 530 |
| Call number suffix | KIS |
| Withdrawn status | Lost status | Not for loan | Collection code | Home library | Current library | Date acquired | Source of acquisition | Cost, normal purchase price | Full call number | Barcode | Copy number | Cost, replacement price | Koha item type |
|---|---|---|---|---|---|---|---|---|---|---|---|---|---|
| Not For Loan | Non-fiction | D.B.Act.Division | D.B.Act.Division | 06/08/2010 | DBAD/PUB | 45.00 | 530 KIS | EN-82027 | 1 | 45.00 | English Books |
